|
|
|
|
| LEADER |
00000nam0a2200000 4500 |
| 001 |
51272 |
| 005 |
20231101211311.0 |
| 035 |
|
|
|a (RuTPU)RU\TPU\book\53678
|
| 090 |
|
|
|a 51272
|
| 100 |
|
|
|a 20030428d1968 km y0rusy50 ca
|
| 101 |
0 |
|
|a rus
|
| 102 |
|
|
|a RU
|
| 105 |
|
|
|a a z 001zy
|
| 200 |
0 |
|
|a Кн. 2
|
| 210 |
|
|
|d 1968
|
| 215 |
|
|
|a 388 с.
|c ил.
|
| 320 |
|
|
|a Библиогр. в конце глав.
|
| 330 |
|
|
|a В книге систематизированы материалы по исследованию изменений свойств ионных кристаллов под действием ионизирующей радиации. Изложение ведется в предположении, что энергетика электронных, дырочных и ионных процессов определяется энергией кристаллической решетки. Книга рассчитана на широкий круг научных работников, инженеров и аспирантов, работающих в области радиационной физики и радиационной технологии, а также студентов старших курсов.
|
| 461 |
|
|
|t Центры окраски в щелочногалоидных кристаллах
|f А. А. Воробьев
|g Томский политехнический институт (ТПИ) ; ред. В. М. Лисицын
|v Кн. 2
|d 1968
|
| 606 |
1 |
|
|a Щелочно-галоидные кристаллы
|x Дефекты точечные
|2 stltpush
|3 (RuTPU)RU\TPU\subj\80320
|9 88045
|
| 610 |
1 |
|
|a кристаллы
|
| 610 |
1 |
|
|a ионные кристаллы
|
| 610 |
1 |
|
|a радиация
|
| 610 |
1 |
|
|a радиационная технология
|
| 610 |
1 |
|
|a кристаллические решетки
|
| 610 |
1 |
|
|a труды учёных ТПУ
|
| 610 |
1 |
|
|a коллекция ТПУ
|
| 675 |
|
|
|a 548.4
|v 3
|
| 801 |
|
1 |
|a RU
|b 63413507
|c 20030428
|g PSBO
|
| 801 |
|
2 |
|a RU
|b 63413507
|c 20030505
|g PSBO
|
| 801 |
|
2 |
|a RU
|b 63413507
|c 20210209
|g PSBO
|
| 900 |
|
|
|a Радиационная физика твердого тела
|
| 900 |
|
|
|a Физика твердого тела, радиационные эффекты
|
| 942 |
|
|
|c BK
|